Les 10 pays les moins visités en Afrique - Statistiques

Statistiques générales
  • Ce quiz a été pris 982 fois
  • Le résultat moyen est 6 sur 10
Statistiques - réponses
Rank Visiteurs / année Pays % Correct
6 56,000 Guinée
78%
7 63,000 Djibouti
73%
1 6,000 Guinée Équatoriale
67%
5 30,000 Guinée - Bissau
65%
2 10,000 Sao Tomé-et-Principe
65%
3 21,000 Comores
64%
10 93,000 Libye
63%
4 29,000 Mauritanie
59%
9 81,000 Sierra Leone
59%
8 71,000 Republiqué centralafricaine
47%
Aucun quiz correspondant
Distribution des résultats
% des personnes avec chaque résultat
Percentile par nombre de réponses
Votre historique - résultats
Vous n’avez pas pris ce quiz